000 00442nam a2200097Ia 4500
005 20250424112907.0
008 250424s9999 xx 000 0 und d
300 _a198 p. :ill. ; 24 cm.
650 _a Local government--Nigeria--Periodicals. Public administration--Periodicals. Public administration--Nigeria--Periodicals. Local government. Politics and government Public administration. Nigeria--Politics and government--1979-1983-
942 _cSR
999 _c37742
_d37742